书目信息 |
| 题名: |
现代城市管理学
|
|
| 作者: | 尤建新 主编 | |
| 分册: | ||
| 出版信息: | 北京 科学出版社 2003.08 |
|
| 页数: | 231页 | |
| 开本: | 23cm | |
| 丛书名: | 公共管理硕士(MPA)系列教材 | |
| 单 册: | ||
| 中图分类: | F293 | |
| 科图分类: | ||
| 主题词: | 城市管理--研究生--教材 | |
| 电子资源: | ||
| ISBN: | 7-03-011604-6 | |
| 000 | 00766nam2 2200241 45 | |
| 001 | 012004000000 | |
| 005 | 20050110150742.88 | |
| 010 | @a7-03-011604-6@dCNY 25.00 | |
| 100 | @a20041220d2003 em y0chiy0121 ea | |
| 101 | 0 | @achi |
| 102 | @aCN@b110000@b420000 | |
| 105 | @ay z 000yy | |
| 200 | 1 | @a现代城市管理学@Axian dai cheng shi guan li xue@dModern urban management@f尤建新主编@zeng |
| 210 | @a北京@c科学出版社@a武汉@c武汉出版社@d2003.08 | |
| 215 | @a231页@d23cm | |
| 225 | 2 | @a公共管理硕士(MPA)系列教材 |
| 410 | 0 | @12001 @a公共管理硕士(MPA)系列教材 |
| 510 | 1 | @aModern urban management@zeng |
| 606 | 0 | @a城市管理@x研究生@j教材 |
| 690 | @aF293@v4 | |
| 701 | 0 | @a尤建新@Ayou jian xin@4主编 |
| 801 | 0 | @aCN@bQSSKxf@c20050110 |
| 905 | @a10447@dF293@eY663 | |
| 现代城市管理学=Modern urban management/尤建新主编.-北京:科学出版社;武汉:武汉出版社,2003.08 |
| 231页;23cm.-(公共管理硕士(MPA)系列教材) |
| ISBN 7-03-011604-6:CNY 25.00 |
| ● |
| 相关链接 |
|
|
|
正题名:现代城市管理学
索取号:F293/Y663
 
预约/预借
| 序号 | 登录号 | 条形码 | 馆藏地/架位号 | 状态 | 备注 |
| 1 | 435727 | 204357276 | 社科库409/409社科库 105排2列6层/ [索取号:F293/Y663] | 在馆 | |
| 2 | 435728 | 204357285 | 社科库409/409社科库 105排2列6层/ [索取号:F293/Y663] | 在馆 | |
| 3 | 435729 | 204357294 | 社科二线422/409社科库 102排7列3层/ [索取号:F293/Y663] | 在馆 |